[Event "Aegean op 47th"]
[Site "Aghios Kirykos"]
[Date "2024.07.15"]
[Round "7"]
[White "Nteligiorgis, Eleftherios"]
[Black "Masa, Alexandros"]
[Result "1-0"]
[WhiteElo "2036"]
[BlackElo "1766"]
[PlyCount "99"]
[EventDate "2024.07.11"]
[EventType "swiss"]
[EventRounds "9"]
[EventCountry "GRE"]
[SourceTitle "CBM 221 Extra"]
[Source "ChessBase"]
[SourceDate "2024.09.30"]
[SourceVersion "1"]
[SourceVersionDate "2024.09.30"]
[SourceQuality "1"]

1. d4 Nf6 2. Nf3 e6 3. g3 d5 4. Bg2 Be7 5. 0-0 0-0 6. c4 c6 7. Qc2 Nbd7 8. Nbd2 b6 9. e4 dxe4 10. Nxe4 Bb7 11. Bf4 Nxe4 12. Qxe4 Nf6 13. Qc2 Qc8 14. Rfe1 Re8 15. Bh3 Qd8 16. Ng5 Bb4 17. Red1 h6 18. Nf3 Nh5 19. Be3 Bd6 20. c5 Bc7 21. Ne5 Nf6 22. cxb6 axb6 23. Nxc6 Qd7 24. Bg2 Nd5 25. Ne5 Qe7 26. Nd3 Rec8 27. Qd2 Bd6 28. a3 Rc7 29. Rac1 Rac8 30. Rxc7 Rxc7 31. Rc1 f5 32. Rxc7 Qxc7 33. Qc1 Qb8 34. Nf4 Nxf4 35. Bxf4 Bxf4 36. Qxf4 Qxf4 37. gxf4 Bxg2 38. Kxg2 Kf7 39. Kf3 Ke7 40. h4 Kd6 41. Ke3 Kd5 42. Kd3 b5 43. b3 g6 44. a4 bxa4 45. bxa4 Kc6 46. Kc4 Kb6 47. d5 exd5+ 48. Kxd5 Ka5 49. Ke6 Kxa4 50. Kf6 1-0

[Event "Aegean op 47th"]
[Site "Aghios Kirykos"]
[Date "2024.07.11"]
[Round "1"]
[White "Masa, Alexandros"]
[Black "Karapiperis, Alexandros"]
[Result "0-1"]
[WhiteElo "1766"]
[BlackElo "1979"]
[PlyCount "98"]
[EventDate "2024.07.11"]
[EventType "swiss"]
[EventRounds "9"]
[EventCountry "GRE"]
[SourceTitle "CBM 221 Extra"]
[Source "ChessBase"]
[SourceDate "2024.09.30"]
[SourceVersion "1"]
[SourceVersionDate "2024.09.30"]
[SourceQuality "1"]

1. e4 e5 2. Nf3 Nc6 3. Bb5 a6 4. Ba4 Nf6 5. 0-0 Be7 6. Re1 b5 7. Bb3 d6 8. a4 Bd7 9. axb5 axb5 10. Rxa8 Qxa8 11. d3 h6 12. c3 0-0 13. Nbd2 Re8 14. Nf1 Bf8 15. Ng3 g6 16. h3 Na5 17. Bc2 c5 18. Bd2 Bg7 19. Qe2 Nc6 20. Bb3 Qb7 21. Nh4 Be6 22. Bxe6 Rxe6 23. Ra1 Re8 24. Qd1 Kh7 25. Qb3 Rb8 26. Nf3 Kg8 27. h4 h5 28. Ng5 Nd8 29. f4 Qc7 30. f5 c4 31. dxc4 bxc4 32. Qa3 Qb6+ 33. Kf1 Ng4 34. Nh3 Bf8 35. fxg6 fxg6 36. Qa4 Qxb2 37. Qxc4+ Kh8 38. Ra2 Qxd2 39. Rxd2 Ne3+ 40. Kg1 Nxc4 41. Rf2 Bh6 42. Rf6 Kg7 43. Rf3 Ne6 44. Rd3 Rb1+ 45. Kh2 Nf4 46. Nxf4 Bxf4 47. Kh3 Bxg3 48. Kxg3 Re1 49. Kf3 Rf1+ 0-1

[Event "Athens Papanastasio op 13th"]
[Site "Athens"]
[Date "2023.09.16"]
[Round "6"]
[White "Masa, Alexandros"]
[Black "Balaskas, Stefanos"]
[Result "1-0"]
[WhiteElo "1568"]
[BlackElo "1252"]
[PlyCount "97"]
[EventDate "2023.09.11"]
[EventType "swiss"]
[EventRounds "7"]
[EventCountry "GRE"]
[SourceTitle "CBM 216 Extra"]
[Source "ChessBase"]
[SourceDate "2023.11.30"]
[SourceVersion "1"]
[SourceVersionDate "2023.11.30"]
[SourceQuality "1"]

1. e4 c5 2. Nf3 e6 3. d4 cxd4 4. Nxd4 Nc6 5. Nc3 Qc7 6. Be3 a6 7. Nxc6 bxc6 8. Bd3 Nf6 9. 0-0 d5 10. f4 h5 11. h3 h4 12. Be2 Nxe4 13. Nxe4 dxe4 14. Qd4 Bb7 15. Qxe4 c5 16. Qd3 Be7 17. Qc3 Bf6 18. Qa3 0-0 19. c4 Bd4 20. Bxd4 cxd4 21. Qd3 Rfd8 22. Rae1 a5 23. Bd1 Qc6 24. Bf3 Qc7 25. Bxb7 Qxb7 26. b3 a4 27. Re2 axb3 28. axb3 Ra3 29. Rb2 Qb4 30. Rc1 Qd6 31. Qd2 d3 32. c5 Qd4+ 33. Kh1 Rd5 34. c6 Rc5 35. c7 Ra8 36. b4 Rxc1+ 37. Qxc1 Rc8 38. b5 Rxc7 39. Qxc7 Qxb2 40. Qd8+ Kh7 41. Qxd3+ g6 42. Qc4 Qf2 43. Qb4 e5 44. fxe5 g5 45. b6 Qf1+ 46. Kh2 Qf5 47. Qd4 Kh6 48. b7 Qb1 49. Qd6+ 1-0